书目信息 |
| 题名: |
人怎样认识自己的起源
|
|
| 作者: | 周国兴 著 | |
| 分册: | 上册 | |
| 出版信息: | 北京 中国青年出版社 1977 |
|
| 页数: | 232页 | |
| 开本: | 19cm | |
| 丛书名: | ||
| 单 册: | ||
| 中图分类: | Q981.1 | |
| 科图分类: | ||
| 主题词: | 人类--起源 | |
| 电子资源: | ||
| ISBN: | ||
| 000 | 00639nam0 2200229 45 | |
| 001 | 0177001680 | |
| 005 | 20060705171422.03 | |
| 010 | @dCNY0.51 | |
| 100 | @a19951030d1977 em y0chiy0121 ea | |
| 101 | 0 | @achi |
| 102 | @aCN@b110000 | |
| 105 | @af z 000yy | |
| 200 | 10 | @a人怎样认识自己的起源@Aren zen yang ren shi zi ji de qi yuan@e人类起源研究史话@h上册@f周国兴著 |
| 210 | @a北京@c中国青年出版社@d1977 | |
| 215 | @a232页@c图@d19cm | |
| 300 | @a青年科学普及读物 | |
| 606 | @a人类@x起源 | |
| 690 | @aQ981.1@v3 | |
| 701 | 0 | @a周国兴@Azhou guo xing@4著 |
| 801 | 2 | @aCN@bNLC@c20060705 |
| 801 | 0 | @aCN@bTSSF |
| 905 | @a10447@dQ981.1@e17 | |
| 人怎样认识自己的起源:人类起源研究史话.上册/周国兴著.-北京:中国青年出版社,1977 |
| 232页:图;19cm |
| 青年科学普及读物 |
| ISBN :CNY0.51 |
| ● |
| 相关链接 |
|
|
|
|
正题名:人怎样认识自己的起源
索取号:Q981.1/17
 
预约/预借
| 序号 | 登录号 | 条形码 | 馆藏地/架位号 | 状态 | 备注 |
| 1 | 0421497 | 204214974 | 密集书库/ [索取号:Q981.1/17] | 在馆 |